Lorenzo Lotto (Record no. 3360)

MARC details
000 -CABECERA
campo de control de longitud fija 00728nam a2200241 a 4500
001 - NÚMERO DE CONTROL
campo de control BRCA_3625
005 - FECHA Y HORA DE LA ÚLTIMA TRANSACCIÓN
campo de control 20190320204347.0
008 - DATOS DE LONGITUD FIJA--INFORMACIÓN GENERAL
campo de control de longitud fija 250809s1956----enka---###---#000-0#eng-#
041 ## - CÓDIGO DE LENGUA
Código de lengua del texto/banda sonora o título independiente eng
044 ## - CÓDIGO DEL PAÍS DE LA ENTIDAD EDITORA/PRODUCTORA
Código MARC del país enk
050 #4 - SIGNATURA TOPOGRÁFICA DE LA BIBLIOTECA DEL CONGRESO
Número de clasificación ND623.L6
Número de documento/Ítem .B47 1956
100 1# - ENTRADA PRINCIPAL--NOMBRE DE PERSONA
Nombre de persona Berenson, Bernard
Fechas asociadas al nombre 1865-1959
9 (RLIN) 9403
245 10 - MENCIÓN DE TÍTULO
Título Lorenzo Lotto
Resto del título Complete edition with 400 illustrations
Mención de responsabilidad, etc. Bernard Berenson.
260 ## - PUBLICACIÓN, DISTRIBUCIÓN, ETC.
Lugar de publicación, distribución, etc. London
Nombre del editor, distribuidor, etc. Phaidon
Fecha de publicación, distribución, etc. 1956
300 ## - DESCRIPCIÓN FÍSICA
Extensión 477 p.
Otras características físicas il., 400 láminas (algunas a color)
Dimensiones 27 cm.
500 ## - NOTA GENERAL
Nota general Con ex-libris de Arthur Jeffress
500 ## - NOTA GENERAL
Nota general Incluye índice topográfico
500 ## - NOTA GENERAL
Nota general B297
600 14 - PUNTO DE ACCESO ADICIONAL DE MATERIA--NOMBRE DE PERSONA
Nombre de persona Lotto, Lorenzo
Fechas asociadas al nombre 1480?-1556
9 (RLIN) 9404
650 14 - PUNTO DE ACCESO ADICIONAL DE MATERIA--TÉRMINO DE MATERIA
Término de materia o nombre geográfico como elemento de entrada Pintores italianos
9 (RLIN) 7654
902 ## - CATALOGADOR
Iniciales GFM
942 ## - ELEMENTOS DE PUNTO DE ACCESO ADICIONAL (KOHA)
Fuente del sistema de clasificación o colocación Library of Congress Classification
Tipo de ítem Koha Libros
Holdings
Estado de retiro Estado de pérdida Estado dañado No para préstamo Localización permanente Ubicación/localización actual Fecha de adquisición Número de inventario Total de préstamos Signatura topográfica completa Código de barras Fecha visto por última vez Precio válido a partir de Tipo de ítem Koha
El ejemplar forma parte de la colección y puede ser consultado según las políticas vigentes.       Biblioteca del Museo Franz Mayer (Rogerio Casas-Alatriste) Biblioteca del Museo Franz Mayer (Rogerio Casas-Alatriste) 25/08/2009 B297   ND623.L6 .B47 1956 (B297) 3622 22/03/2019 22/03/2019 Libros